000 00739cam a2200169 4500
001 L136466
008 070201n2006 000 0 eng u
035 _a(Sirsi) u136466
041 0 _aeng
110 2 _aRoyal Institution of Chartered Surveyors
_bGeomatics Faculty
_94352
245 3 _aAn introduction to terrestrial laser scanning
_ba useful guide from RICS on terrestrial laser scanning - a technique inthe early stages of development
260 _aRICS
_c2006
300 _a1
_ffolded sheet
_c44x21cm.
520 _aProvides an overview of the technique, the benefits and current limitations of the use of terrestrial laser scanning and where to go for advice.
690 _aENVIRONMENTAL AND LAND CONSULTANCY-GEOMATICS
942 _n0
999 _c106400
_d106400